Feu! Chatterton - Un Monde Nouveau (Paroles) - Statistiques

Statistiques générales
  • Ce quiz a été pris 37 fois
  • Le résultat moyen est 234 sur 335
Statistiques - réponses
Réponses % Correct
le
96%
Le
96%
Un
96%
un
96%
nouveau
92%
nouveau,
92%
de
88%
monde
88%
Monde
88%
monde,
88%
sur
88%
grand
80%
les
80%
pays
80%
sa
80%
A
76%
à
76%
Dans
76%
dans
76%
faire
76%
nos
76%
nous
76%
Nous
76%
on
76%
On
76%
que
76%
Que
76%
tous
76%
vent,
76%
vent
76%
chaudement
72%
demain
72%
savions
72%
en
72%
La
72%
la
72%
mais
72%
Mais
72%
rien
72%
rien,
72%
savions
72%
comprendre
68%
des
68%
Des
68%
mains ?
68%
mains ?
68%
rêvait
68%
très
68%
n'y
64%
pas
64%
se
64%
Se
64%
attraper
60%
presque
60%
Et
60%
Presque
60%
presque
60%
sans
60%
Zéro,
60%
bluetooth
56%
central
56%
fondait
56%
frousse
56%
glace
56%
Qui
56%
qui
56%
Soufflait
56%
yeux
56%
bégayait
52%
bras
52%
c'était
52%
climat
52%
du
52%
était
52%
moral
52%
serveur
52%
sous
52%
subsaharien
52%
Tout
52%
au
48%
bien
48%
bleue
48%
Comme
48%
étions
48%
foutait
48%
L'évidence
48%
lumière
48%
mollement
48%
mouillait
48%
pouvait
48%
prendre
48%
une
48%
cernés
44%
ciel
44%
d'esprit
44%
loi
44%
l'on
44%
même
44%
millions
44%
moitié
44%
pixels
44%
plaignait
44%
poils
44%
pris,
44%
répondait
44%
ville
44%
ça
40%
clarté
40%
ébahi,
40%
éléments
40%
foule
40%
mots,
40%
n'avait
40%
nez
40%
pendait
40%
pleuvaient
40%
publicité
40%
S'attraper
40%
temps
40%
bain,
36%
bain
36%
faits,
36%
Spritzs,
36%
traits
36%
vive
36%
masquait
32%
nouvelle
32%
dévot
28%
Aucun quiz correspondant
Distribution des résultats
% des personnes avec chaque résultat
Percentile par nombre de réponses
Votre historique - résultats
Vous n’avez pas pris ce quiz